| 000 | 00864nam a22001935i 4500 | ||
|---|---|---|---|
| 001 | 163080 | ||
| 003 | ES-MaACL | ||
| 005 | 20230906212650.0 | ||
| 008 | 040902s1886 phl |||| | spa d | ||
| 040 |
_aCAM _bspa _cCAM |
||
| 110 | 2 |
_aReal Sociedad Económica Filipina de Amigos del País. _9134795 |
|
| 245 | 1 | 0 |
_aResumen de las tareas de la Real Sociedad Económica Filipina de Amigos del País durante el período de 1881 á 1885 / _cpor Arturo de Malibrán y Martinón. |
| 260 |
_aManila : _b[s.n.], _c1886 ( _fEstablecimiento tipo-lit. de M. Pérez, Hijo) |
||
| 300 |
_a176, [2] p. ; _c19 cm. |
||
| 650 | 0 | 4 |
_aAsociaciones económicas- _zFilipinas. _9135643 |
| 700 | 1 | 1 |
_aMalibrán y Martinón, Arturo de. _9129382 |
| 752 |
_aFilipinas - _cManila |
||
| 852 |
_aES-MaACL _jT-475-F-15 _z-- Enc. hol. _q-- Falto de la cub. original _z-- Enc. en un vol. facticio |
||
| 999 |
_c163080 _d163080 |
||